<?xml version="1.0" encoding="UTF-8"?>
<collection xmlns="http://www.loc.gov/MARC21/slim">
 <record>
  <leader>02017nam a22004097a 4500</leader>
  <controlfield tag="001">000056206</controlfield>
  <controlfield tag="003">CZ-PrVSE</controlfield>
  <controlfield tag="005">20160906103445.0</controlfield>
  <controlfield tag="008">030210m19731976ru     fr     000 0 rusod</controlfield>
  <datafield tag="020" ind1=" " ind2=" ">
   <subfield code="q">(Váz.)</subfield>
  </datafield>
  <datafield tag="040" ind1=" " ind2=" ">
   <subfield code="a">ABA006</subfield>
   <subfield code="b">cze</subfield>
   <subfield code="c">ABA006</subfield>
   <subfield code="d">ABA006</subfield>
  </datafield>
  <datafield tag="041" ind1="0" ind2=" ">
   <subfield code="a">rus</subfield>
  </datafield>
  <datafield tag="044" ind1=" " ind2=" ">
   <subfield code="a">ru</subfield>
  </datafield>
  <datafield tag="080" ind1=" " ind2=" ">
   <subfield code="a">517.52</subfield>
  </datafield>
  <datafield tag="099" ind1=" " ind2="9">
   <subfield code="a">517.5GAM</subfield>
  </datafield>
  <datafield tag="245" ind1="0" ind2="0">
   <subfield code="a">Sovremennyje problemy matematiki /</subfield>
   <subfield code="c">naučnyj redaktor R.V. Gamkrelidze</subfield>
  </datafield>
  <datafield tag="260" ind1=" " ind2=" ">
   <subfield code="a">Moskva :</subfield>
   <subfield code="b">VINITI,</subfield>
   <subfield code="c">1973-</subfield>
  </datafield>
  <datafield tag="300" ind1=" " ind2=" ">
   <subfield code="a">svazků</subfield>
  </datafield>
  <datafield tag="490" ind1="1" ind2=" ">
   <subfield code="a">Itogi nauki i techniki</subfield>
  </datafield>
  <datafield tag="500" ind1=" " ind2=" ">
   <subfield code="a">Obsahuje bibliografie</subfield>
  </datafield>
  <datafield tag="505" ind1="1" ind2=" ">
   <subfield code="a">Tom 1. 1973. 196 stran — Tom 2. 1973. 256 stran — Tom 5. 1975. 211 stran — Tom 6. 1976. 260 stran — Tom 7. 1975. 295 stran</subfield>
  </datafield>
  <datafield tag="650" ind1="0" ind2="7">
   <subfield code="a">integrály</subfield>
   <subfield code="7">ph121136</subfield>
   <subfield code="2">czenas</subfield>
  </datafield>
  <datafield tag="653" ind1="0" ind2=" ">
   <subfield code="a">matematické teorie</subfield>
  </datafield>
  <datafield tag="655" ind1=" " ind2="7">
   <subfield code="a">studie</subfield>
   <subfield code="7">fd133597</subfield>
   <subfield code="2">czenas</subfield>
  </datafield>
  <datafield tag="650" ind1="0" ind2="9">
   <subfield code="a">integrals</subfield>
   <subfield code="2">eczenas</subfield>
  </datafield>
  <datafield tag="655" ind1=" " ind2="9">
   <subfield code="a">studies</subfield>
   <subfield code="2">eczenas</subfield>
  </datafield>
  <datafield tag="700" ind1="1" ind2=" ">
   <subfield code="a">Gamkrelidze, R. V.</subfield>
   <subfield code="4">edt</subfield>
  </datafield>
  <datafield tag="830" ind1=" " ind2="0">
   <subfield code="a">Itogi nauki i techniki</subfield>
  </datafield>
  <datafield tag="910" ind1=" " ind2=" ">
   <subfield code="a">ABA006</subfield>
   <subfield code="b">různé signatury</subfield>
   <subfield code="r">1973,75-76</subfield>
   <subfield code="t">n</subfield>
  </datafield>
  <datafield tag="993" ind1=" " ind2=" ">
   <subfield code="a">005771749</subfield>
  </datafield>
  <datafield tag="996" ind1=" " ind2=" ">
   <subfield code="1">PDPZ2</subfield>
   <subfield code="3">F130268/I</subfield>
   <subfield code="4">N:P; PC=516/74</subfield>
   <subfield code="5">3142294734</subfield>
   <subfield code="7">1. díl</subfield>
   <subfield code="8">20160906</subfield>
   <subfield code="9">517.5GAM</subfield>
   <subfield code="b">1. díl</subfield>
   <subfield code="f">81</subfield>
   <subfield code="h">1. díl</subfield>
   <subfield code="l">UEP01</subfield>
   <subfield code="m">BOOK</subfield>
   <subfield code="q">Knihovna Žižkov depoz. 2</subfield>
   <subfield code="t">na 1 měsíc</subfield>
   <subfield code="u">UEP01</subfield>
   <subfield code="w">20160906</subfield>
  </datafield>
  <datafield tag="996" ind1=" " ind2=" ">
   <subfield code="1">PDPZ2</subfield>
   <subfield code="3">F130268/II</subfield>
   <subfield code="4">N:P; PC=4862/74</subfield>
   <subfield code="5">3142294735</subfield>
   <subfield code="7">2. díl</subfield>
   <subfield code="8">20160906</subfield>
   <subfield code="9">517.5GAM</subfield>
   <subfield code="b">2. díl</subfield>
   <subfield code="f">81</subfield>
   <subfield code="h">2. díl</subfield>
   <subfield code="l">UEP01</subfield>
   <subfield code="m">BOOK</subfield>
   <subfield code="q">Knihovna Žižkov depoz. 2</subfield>
   <subfield code="t">na 1 měsíc</subfield>
   <subfield code="u">UEP01</subfield>
   <subfield code="w">20160906</subfield>
  </datafield>
  <datafield tag="996" ind1=" " ind2=" ">
   <subfield code="1">PDPZ2</subfield>
   <subfield code="3">F130268/V</subfield>
   <subfield code="4">N:P; PC=UEK 5598</subfield>
   <subfield code="5">3142294736</subfield>
   <subfield code="7">5. díl</subfield>
   <subfield code="8">20160906</subfield>
   <subfield code="9">517.5GAM</subfield>
   <subfield code="b">5. díl</subfield>
   <subfield code="f">81</subfield>
   <subfield code="h">5. díl</subfield>
   <subfield code="l">UEP01</subfield>
   <subfield code="m">BOOK</subfield>
   <subfield code="q">Knihovna Žižkov depoz. 2</subfield>
   <subfield code="t">na 1 měsíc</subfield>
   <subfield code="u">UEP01</subfield>
   <subfield code="w">20160906</subfield>
  </datafield>
  <datafield tag="996" ind1=" " ind2=" ">
   <subfield code="1">PDPZ2</subfield>
   <subfield code="3">F130268/VI</subfield>
   <subfield code="4">N:P; PC=UEK 8882</subfield>
   <subfield code="5">3142294737</subfield>
   <subfield code="7">6. díl</subfield>
   <subfield code="8">20160906</subfield>
   <subfield code="9">517.5GAM</subfield>
   <subfield code="b">6. díl</subfield>
   <subfield code="f">81</subfield>
   <subfield code="h">6. díl</subfield>
   <subfield code="l">UEP01</subfield>
   <subfield code="m">BOOK</subfield>
   <subfield code="q">Knihovna Žižkov depoz. 2</subfield>
   <subfield code="t">na 1 měsíc</subfield>
   <subfield code="u">UEP01</subfield>
   <subfield code="w">20160906</subfield>
  </datafield>
  <datafield tag="996" ind1=" " ind2=" ">
   <subfield code="1">PDPZ2</subfield>
   <subfield code="3">F139116/VII</subfield>
   <subfield code="4">N:P; PC=UEK 7714</subfield>
   <subfield code="5">3142165184</subfield>
   <subfield code="7">7. díl</subfield>
   <subfield code="8">20030807</subfield>
   <subfield code="9">517.5GAM</subfield>
   <subfield code="b">7. díl</subfield>
   <subfield code="f">81</subfield>
   <subfield code="h">7. díl</subfield>
   <subfield code="l">UEP01</subfield>
   <subfield code="m">BOOK</subfield>
   <subfield code="q">Knihovna Žižkov depoz. 2</subfield>
   <subfield code="t">na 1 měsíc</subfield>
   <subfield code="u">UEP01</subfield>
   <subfield code="w">20030918</subfield>
  </datafield>
 </record>
</collection>
